000 00404cam a22001097a 4500
008 180718b1972 xxu||||| |||| 00| 0 eng d
082 _aT3942x54 In2/Auto/1969
100 _aTariff Commission
245 _aReport on the fixation of flair selling prices of automoblies--standard herald passenger cars 4-door model
_cby Tariff Commission, India
260 _aDelhi
_bGovernment of India
_c1972
300 _a50+p
999 _c497968
_d497968